NFL Teams Best QB/RB/WR/TE Ever - Statistics

General Stats
  • This quiz has been taken 187 times
    147 since last reset
  • The average score is 59 of 128
Answer Stats
Teams Pos Players % Correct
New England Patriots QB Tom Brady
85%
WR Steve Smith
83%
RB Emmitt Smith
82%
TE Jackie Smith
81%
TE Jerry Smith
81%
WR Jimmy Smith
81%
WR Rod Smith
81%
WR Chad Johnson
78%
WR Jerry Rice
78%
Arizona Cardinals | Los Angeles Rams QB Kurt Warner
77%
Kansas City Chiefs QB Patrick Mahomes
77%
TE Travis Kelce
77%
Green Bay Packers QB Brett Favre
76%
WR Calvin Johnson
76%
New York Giants QB Eli Manning
76%
WR Andre Johnson
75%
Indianapolis Colts QB Peyton Manning
75%
WR Tyreek Hill
75%
WR Julio Jones
74%
Carolina Panthers QB Cam Newton
73%
Miami Dolphins QB Dan Marino
72%
Baltimore Ravens QB Joe Flacco
72%
WR Larry Fitzgerald
72%
Seattle Seahawks QB Russell Wilson
72%
RB Jim Brown
71%
San Francisco 49ers QB Joe Montana
71%
RB Marcus Allen
71%
Detroit Lions QB Matthew Stafford
71%
TE Randy Moss
71%
New Orleans Saints QB Drew Brees
70%
WR Tim Brown
70%
RB Barry Sanders
69%
TE Rob Gronkowski
69%
Los Angeles Chargers QB Phillip Rivers
68%
TE Charlie Sanders
67%
RB Franco Harris
67%
Denver Broncos QB John Elway
66%
Pittsburgh Steelers QB Terry Bradshaw
63%
Tennessee Titans QB Warren Moon
63%
RB Adrian Peterson
61%
TE Tony Gonzalez
61%
Buffalo Bills QB Jim Kelly
60%
WR Marvin Harrison
60%
Dallas Cowboys QB Troy Aikman
58%
RB Walter Payton
58%
Minnesota Vikings QB Fran Tarkenton
57%
TE Jimmy Graham
57%
Cleveland Browns QB Otto Graham
57%
New York Jets QB Joe Namath
56%
RB LaDainian Tomlinson
56%
Philadelphia Eagles QB Donovan McNabb
55%
Atlanta Falcons QB Michael Vick
55%
TE Antonio Gates
54%
RB O.J. Simpson
53%
RB Kevin Faulk
51%
WR Michael Irvin
51%
RB Terrell Davis
51%
RB Marshall Faulk
50%
WR Mike Evans
50%
RB Jamal Lewis
49%
WR Julian Edelman
49%
Houston Texans QB Matt Schaub
49%
TE Mercedes Lewis
49%
RB Christian McCaffrey
48%
TE Shannon Sharpe
48%
Cincinnati Bengals QB Ken Anderson
47%
WR Steve Largent
47%
RB William Andrews
47%
TE Jason Witten
44%
Washington Redskins QB Joe Theismann
44%
RB Shaun Alexander
44%
WR Andre Reed
43%
RB Edgerrin James
43%
RB Fred Taylor
43%
RB Jim Taylor
43%
RB Alvin Kamara
41%
WR Hines Ward
41%
Oakland Raiders QB Ken Stabler
41%
WR Issac Bruce
40%
TE Greg Olsen
39%
RB LeSean McCoy
39%
Jacksonville Jaguars QB Mark Brunell
39%
RB Priest Holmes
39%
RB Curtis Martin
36%
RB Eddie George
35%
RB Tiki Barber
34%
RB Larry Csonka
31%
TE Heath Miller
28%
WR Marques Colston
28%
WR Art Monk
27%
TE Dallas Clark
27%
TE Dwight Clark
27%
TE Mike Ditka
27%
Chicago Bears QB Sid Luckman
27%
RB Arian Foster
26%
RB Corey Dillon
26%
RB John Riggins
26%
WR Don Hutson
25%
RB Roger Craig
25%
WR Harold Carmichael
23%
TE Ozzie Newsome
23%
WR Lance Alworth
22%
WR Don Maynard
19%
Tampa Buccaneers QB Vinny Testaverde
18%
WR Amani Toomer
16%
WR Derrick Mason
16%
TE Jeremy Shockey
16%
TE Todd Heap
14%
RB Mike Alstott
12%
WR Paul Warfield
12%
TE Dave Casper
11%
TE Steve Jordan
8%
WR Ernest Givins
7%
TE Frank Wycheck
6%
TE Owen Daniels
5%
WR Devin Hester
3%
TE Jim Mandich
1%
TE Mickey Schuler
1%
TE Pete Metzelaars
1%
TE Pete Retzlaff
1%
TE Rodney Holman
1%
TE Ernie Conwell
0%
TE Jimmie Giles
0%
TE Paul Coffman
0%
No matching quizzes found
Score Distribution
Percent of People with Each Score
Percentile by Number Answered
Your Score History
You have not taken this quiz since the last reset